000 00523cam a22001934a 4500
005 20250605164154.0
008 250528s ||||||||||||||||||||||||d
035 _a19509
020 _a960351232Χ
040 _aGR-AtMCL
_bgre
_dGR-AtMCL
_eAACR2
245 1 _aΠΡΟΓΡΑΜΜΑΤΙΣΜΟΣ ΔΡΑΣΕΩΣ ΕΠΙΧΕΙΡΗΣΕΩΝ
250 _a1
260 _bΑ.Σταμουλης,
_c2001
300 _a400
700 1 _aΚιόχος Πετρος Α
_95752
942 _cBK
999 _c4765
_d4765